| 000 | 01373nam a2200229Ia 4500 | ||
|---|---|---|---|
| 003 | Ost | ||
| 005 | 20260507075047.0 | ||
| 008 | 260507s9999||||xx |||||||||||||| ||und|| | ||
| 040 | _cfsecg | ||
| 041 | _aara | ||
| 100 |
_aنور، أحمد محمد _eمؤلف |
||
| 245 | 0 |
_aالمحاسبة المتوسطة(1) : _bمشاكل قياس الدخل والمحاسبة والإفصاح عن الأصول قصيرة الأجل / _c أحمد محمد نور |
|
| 260 |
_aالإسكندرية: _bالدار الجامعية, _c2003 |
||
| 300 |
_a429 صفحة؛ _bإيضاحات ؛ _c24 سم |
||
| 520 | _aالإطار الفكري للمحاسبة المالية-تحقق الإيرادات والمصروفات وقياس صافي أو خسارة الفترة وفقا لمعايير المحاسبة المصرية والدولية-في الميزانية العمومية وجرد وتقييم الأصول المتداولة وفقا لمعاييرالمحاسبة المصرية والدولية في بعض المشاكل المرتبطة بالمخزون"مشاكل بضاعة الأمانة" | ||
| 653 | _aالدخل | ||
| 653 | _aالمحاسبة | ||
| 653 | _aالميزانية | ||
| 700 |
_a أبو المكارم، وصفي عبد الفتاح _eمؤلف ثانوي |
||
| 700 |
_aالسيد شحاتة، شحاتة _eمؤلف ثانوي |
||
| 942 | _cكتاب | ||
| 999 |
_c42597 _d42597 |
||